Health and home. (Record no. 13288)
[ view plain ]
| 000 -LEADER | |
|---|---|
| fixed length control field | 00468nam a22001457a 4500 |
| 005 - DATE AND TIME OF LATEST TRANSACTION | |
| control field | 20250328120906.0 |
| 008 - FIXED-LENGTH DATA ELEMENTS--GENERAL INFORMATION | |
| fixed length control field | 161126b xxu||||| |||| 00| 0 eng d |
| 022 ## - INTERNATIONAL STANDARD SERIAL NUMBER | |
| International Standard Serial Number | 01150839 |
| 082 ## - DEWEY DECIMAL CLASSIFICATION NUMBER | |
| Edition number | January 2008-Octoberber 2009, v.49-50 |
| Classification number | DPer 613.05 |
| Item number | H349 |
| 245 ## - TITLE STATEMENT | |
| Title | Health and home. |
| 260 ## - PUBLICATION, DISTRIBUTION, ETC. (IMPRINT) | |
| Place of publication, distribution, etc. | Caloocan City: |
| Name of publisher, distributor, etc. | Phil. Publishing House, |
| Date of publication, distribution, etc. | Jan 2008-Oct 2009. |
| 300 ## - PHYSICAL DESCRIPTION | |
| Extent | 1 volume: |
| Other physical details | color illustrations, |
| Dimensions | 27 cm. |
| 650 #0 - SUBJECT ADDED ENTRY--TOPICAL TERM | |
| Topical term or geographic name as entry element | Health |
| Form subdivision | Periodicals |
| 9 (RLIN) | 37174 |
| 942 ## - ADDED ENTRY ELEMENTS (KOHA) | |
| Source of classification or shelving scheme | Dewey Decimal Classification |
| Koha item type | Periodicals |
| Withdrawn status | Lost status | Source of classification or shelving scheme | Materials specified (bound volume or other part) | Damaged status | Not for loan | Collection code | Home library | Current library | Date acquired | Source of acquisition | Total Checkouts | Full call number | Barcode | Date last seen | Copy number | Price effective from | Koha item type | Public note |
|---|---|---|---|---|---|---|---|---|---|---|---|---|---|---|---|---|---|---|
| Dewey Decimal Classification | Vol. 49-50 | Periodicals | UM Digos College - LIC | UM Digos College - LIC | 02/26/2019 | Purchased | DPer 613.05 H349 Jan. 2008 - Oct. 2009 v. 49- 50 | 00184 | 02/26/2019 | 1 | 02/26/2019 | Periodicals | Bound Periodicals |
